000 00307nam a2200133Ia 4500
003 OSt
005 20231123071640.0
008 170524s9999 xx 000 0 und d
020 _a81-7014-883-9
040 _cIIMT
100 _aPRASAD- L.M.
245 0 _aPRINCIPLES & PRACTICE OF MANAGEMENT
942 _2ddc
_c02
999 _c4103
_d4103